000 00775nam a2200205 a 4500
008 100818s2009 ||||||||||||||||| || u
020 _a0321552105
050 _aQA 303.2 Has
100 _aWeir, Maurice D
245 1 0 _aUniversity calculus: elements with early transcendentals
_cJoel, Hass, Maurice D. Weir, George B. Thomas
260 _aBoston, MA
_bPearson
_c2009
300 _axv, 791p. [various pagings]
350 _a0.00
650 _aCALCULUS--TEXTBOOKS
650 0 _aMATHEMATICS--HANDBOOKS, MANUALS, ETC
700 _aThomas, George B
700 _aHass, Joel
700 _aHass, Joel
995 _D0.00
_FCBU-MAIN LIBRARY (Kitwe)
_H1
_I0.00
_M1
_UAVAILABLE
_WAug 18, 2010
_ZAnnex Low-Usage Collection
999 _c60889
_d60889